00478nam a2200145 a 45000010005000000030009000050080041000140400028000550820018000831000097001012450046001982600051002443000015002956500022003107326CO-ViMGA141112s2004 ck r 000 u spa d aCO-ViMGAbspacCO-ViMGA04a918.6153 C6561 aColombia. Ministerio de Hacienda y Credito Público. Instituto Geográfico Agustin Codazzi10aCauca : bCaracterísticas geográficas aSantafé de Bogotá : bEl Instituto, c1993 a159 p : il14aCAUCA - GEOGRAFIA